Statistics for All Miguel Songs

Click here to take the quiz!

General Stats

  • This quiz has been taken 27 times
    (26 since last reset)
  • The average score is 26 of 69

Answer Stats

AlbumSong% Correct
WildheartCoffee
89%
Kaleidoscope DreamAdorn
79%
Art Dealer Chic, Vol. 2...ALL
79%
All I Want Is YouAll I Want Is You
74%
All I Want Is YouSure Thing
74%
War & LeisureSky Walker
63%
War & LeisureBanana Clip
58%
War & LeisureCome Through and Chill
58%
All I Want Is YouGirl with the Tattoo Enter.lewd
58%
Kaleidoscope DreamDo You...
53%
War & LeisurePineapple Skies
53%
Kaleidoscope DreamPussy Is Mine
53%
WildheartSimple Things
53%
All I Want Is YouVixen
53%
Kaleidoscope DreamCandles in the Sun
47%
Kaleidoscope DreamKaleidoscope Dream
47%
Kaleidoscope DreamHow Many Drinks?
42%
All I Want Is YouQuickie
42%
War & LeisureTold You So
42%
WildheartA Beautiful Exit
37%
War & LeisureCriminal
37%
WildheartDeal
37%
WildheartDestinado a Morir
37%
Kaleidoscope DreamDon't Look Back
37%
Art Dealer Chic 4Funeral
37%
All I Want Is YouGirls Like You
37%
Wildheart...Goingtohell
37%
All I Want Is YouHero
37%
War & LeisureNow
37%
All I Want Is YouPay Me
37%
All I Want Is YouTeach Me
37%
Kaleidoscope DreamThe Thrill
37%
WildheartThe Valley
37%
WildheartWaves
37%
Kaleidoscope DreamWhere's the Fun in Forever
37%
War & LeisureWolf
37%
War & LeisureAnointed
32%
Art Dealer Chic, Vol. 2Arch & Point
32%
War & LeisureCity of Angels
32%
WildheartDamned
32%
WildheartFace the Sun
32%
WildheartFlesh
32%
WildheartGFG
32%
All I Want Is YouHard Way
32%
WildheartHollywood Dreams
32%
WildheartLeaves
32%
All I Want Is YouMy Piece
32%
WildheartNWA
32%
All I Want Is YouOverload Enter.lewd
32%
Kaleidoscope DreamUse Me
32%
WildheartWhat's Normal Anyway
32%
Art Dealer Chic Vol. 1Gravity
26%
AliciaShow Me Love
26%
Art Dealer Chic 4So I Lie
26%
All I Want Is YouTo the Moon
26%
Art Dealer Chic 4Triangle Love
26%
War & LeisureHarlem
21%
Art Dealer Chic, Vol. 3Ooh Ahh!
21%
Art Dealer Chic, Vol. 3Party Life
21%
Art Dealer Chic Vol. 1That I Do (FTRMX)
21%
Art Dealer Chic 4Thinking Out Loud
21%
Art Dealer Chic, Vol. 2Broads
16%
Single #5I Found You/Nilda's Story
16%
Single #4Python
16%
Single #3Shockandawe
16%
Single #22 Lovin U
11%
Art Dealer Chic, Vol. 3Candles in the Sun, Blowing in the Wind
11%
War & LeisureCaramelo Dulo
11%
SingleGetcha Hands Up
11%

Score Distribution

Percentile by Number Answered

Percent of People with Each Score

Your Score History

You have not taken this quiz since the last reset